Akta Kerajaan Tempatan 1976 (Akta 171) & Perundangan Subsidiari: : hingga 10hb Oktober 2003

Bibliographic Details
Corporate Authors: Malaysia, Lembaga Penyelidikan Undang-Undang
Format: Book
Published: Petaling Jaya : International Law Book Services, , 2003
Series:Undang-undang Malaysia
Subjects:

MARC

LEADER 00000cam a2200000 7i4500
001 0000003313
005 20050823.0
020 0 0 |a 9678914379 
090 0 0 |a 342.59509   |b MAL 
110 1 0 |a Malaysia 
245 1 0 |a Akta Kerajaan Tempatan 1976 (Akta 171) & Perundangan Subsidiari: :   |b hingga 10hb Oktober 2003   |c disusun oleh Lembaga Penyelidikan Undang-Undang 
260 0 0 |a Petaling Jaya :   |b International Law Book Services, ,   |c 2003 
300 |a 181ms. ;   |c 24cm. 
440 0 0 |a Undang-undang Malaysia 
650 0 0 |a Local government   |x Law and legislation   |z Malaysia 
650 0 0 |a Municipal government   |z Malaysia 
710 2 1 |a Lembaga Penyelidikan Undang-Undang 
999 |a 0000005178   |b Monograph   |c Acts   |e Default branch